| 000 | 00587cam a2200205 a 4500 | ||
|---|---|---|---|
| 020 | _a0697360520 | ||
| 020 | _a0071175253 (international ed.) | ||
| 020 | _a007365745X (disc) | ||
| 040 | _cDLC | ||
| 082 | 0 | 0 | _a570 HIL 2000 A082 Or. |
| 100 | 1 | _aEnger, Eldon D. | |
| 245 | 1 | 0 | _aConcepts in biology / |
| 250 | _a9th ed. | ||
| 260 |
_aBoston : _bMcGraw-Hill, _cc2000. |
||
| 300 |
_axii, 532 p. : _bill. (some col.), col. maps ; _c28 cm. + _e1 computer laser optical disc (4 3/4 in.) |
||
| 500 | _aIncludes index. | ||
| 650 | 0 | _aBiology. | |
| 700 | 1 | _aRoss, Frederick C. | |
| 942 | _cEK | ||
| 999 |
_c15894 _d15894 |
||